000 00557nam a2200217Ia 4500
005 20241129120230.0
008 241129s9999||||xx |||||||||||||| ||und||
020 _a9789393768964
037 _aTB
040 _aSDCL
_beng
_cSDCL
041 _ahin
_2hin
084 _aO152,3NRVx, R3
_qSDCL
100 _aRag Vandana
_9396405
245 0 _aYutopiya
260 _aDelhi
_bRajkamal pepar baix India
_c2023
300 _a183p.
365 _aINR
_b250
650 _aReference
942 _cTB
_hO152,3NRVx, R3
999 _c1233921
_d1233921